000 00634nam a2200229 4500
003 OSt
005 20260601193849.0
008 260520b |||||||| |||| 00| 0 eng d
040 _aICI
_bspa
_cICI
050 _aNK2715
_bI44 2000
245 1 _aIKEA /
_bProfessional Office 2000
264 _bIKEA UK
_c2000
300 _a73 páginas
336 _atexto
_2rdacontent
337 _asin medio
_2rdamedia
338 _avolumen
_2rdacarrier
650 _aMuebles de oficina
_xDiseño
650 _aDiseño industrial
_zSuecia
650 _aEspacios de trabajo
_xPlanificación
650 _aDecoración de oficinas
942 _2lcc
_cB
_n1
999 _c21765
_d21765